000 00660nam a2200229 a 4500
001 000019426
005 20200929170020.0
008 100629s2006 sp c 000 0 spa d
020 _a848403867X
040 _aDO-SdBNP
_bspa
_cBNPHU
082 _a923.1
_bC421
245 0 0 _aJulio César.
260 _aMadrid :
_bEdimat Libros,
_c2006.
300 _a187 p. :
_bretrs. ;
_c22 cm.
490 1 _aGrandes biografías
500 _aIncluye notas al pie de páginas
600 1 4 _aJULIO CÉSAR
_d100 a. C. - 44 a. C.
_941699
650 4 _aEmperadores romanos
_927900
651 4 _aRoma
_xHistoria
_910862
830 0 _aGrandes biografías
_911230
049 _aBNPD
999 _c18942
_d18942